• 首页
  • 本馆介绍
  • 公告通知
  • 最新文献
  • 馆藏检索
  • 电子资源
  • 读者导购
  • 参考咨询
  • 我的图书馆
  • 登录
  • 详细信息显示
  • 放入我的书架
  • 预约/预借图书
  • 作者相关作品
  • 分类相关作品
  • 丛书相关作品
  • 出版社相关作品

书目信息

  • 表格格式
  • 工作单格式
  • 卡片格式
题名:
中丹对话
    
 
作者: 德尔曼 , 魏安娜 主编 ;谷健 译
分册:  
出版信息: 上海   上海社会科学院出版社  2022.07
页数: 245页
开本: 24cm
丛书名:
单 册:
中图分类: K207.8
科图分类:
主题词: 汉学--han xue--研究--丹麦
电子资源:
ISBN: 978-7-5520-3683-1
000 01616nam0 2200313 450
001 CAL 012022003522
005 20230217093113.0
010    @a978-7-5520-3683-1@dCNY88.00
035    @a(O310115XHC) 1213446958
039    @aA310000SHL@bUCS01004320348@c1213446958
100    @a20220826d2022 em y0chiy0120 ea
101 1  @achi@cdan
102    @aCN@b310000
105    @aak a 000yy
106    @ar
200 1  @a中丹对话@Azhong dan dui hua@e丹麦的中国研究@f(丹) 约恩·德尔曼, 魏安娜主编@d= Dialogue between China and Denmark@eChina studies in Denmark@fJorgen Delman, Anne Wedell-Wedellsborg@g谷健等译@zeng
210    @a上海@c上海社会科学院出版社@d2022.07
215    @a245页@c图@d24cm
320    @a有书目
330    @a本书梳理丹麦近20年来的中国研究成果, 让中国学界了解丹麦研究环境、研究传统和研究重点。要做到知己知彼, 才能开展有效的学术对话。研究不仅仅是中国的丹麦研究, 更要关注丹麦的中国研究, 了解丹麦中国研究的态度、范式、内容等, 以促进中丹之间进一步的交流与合作, 深化互识互信。本书讨论了中国的历史、文化、经济和教育, 以他者的眼光给出全新的认识与观点。本书让读者在批判性阅读的过程中, 借助他者的眼光, 辩证地看待跨文化交流中的差异性和多样性, 以便更好地向世界讲述好中国故事。
510 1  @aDialogue between China and Denmark@eChina studies in Denmark@zeng
517 1  @a丹麦的中国研究@Adan mai de zhong guo yan jiu
606 0  @a汉学@Ahan xue@x研究@y丹麦
690    @aK207.8@v5
701  1 @a德尔曼@Ade er man@g(Delman, Jorgen)@4主编
701  1 @a魏安娜@Awei an na@g(Wedell-Wedellsborg, Anne)@4主编
702  0 @a谷健@Agu jian@4译
801  0 @aCN@bBJXHZP@c20230222
905    @b1378756-9@dK207.8@e168@f4
    
    中丹对话:丹麦的中国研究/(丹) 约恩·德尔曼, 魏安娜主编= Dialogue between China and Denmark:China studies in Denmark/Jorgen Delman, Anne Wedell-Wedellsborg/谷健等译.-上海:上海社会科学院出版社,2022.07
    245页:图;24cm
    
    
    ISBN 978-7-5520-3683-1:CNY88.00
    本书梳理丹麦近20年来的中国研究成果, 让中国学界了解丹麦研究环境、研究传统和研究重点。要做到知己知彼, 才能开展有效的学术对话。研究不仅仅是中国的丹麦研究, 更要关注丹麦的中国研究, 了解丹麦中国研究的态度、范式、内容等, 以促进中丹之间进一步的交流与合作, 深化互识互信。本书讨论了中国的历史、文化、经济和教育, 以他者的眼光给出全新的认识与观点。本书让读者在批判性阅读的过程中, 借助他者的眼光, 辩证地看待跨文化交流中的差异性和多样性, 以便更好地向世界讲述好中国故事。
●
相关链接 在E读中查询图书 在五车中查询图书 在当当中查询图书 在豆瓣中查询图书


正题名:中丹对话     索取号:K207.8/168         预约/预借

序号 登录号 条形码 馆藏地/架位号 状态 备注
1 1378756   213787561   第二样本阅览室/ [索取号:K207.8/168] 在馆    
2 1378757   213787570   第二借阅区/ [索取号:K207.8/168] 在馆    
3 1378758   213787589   第二借阅区/ [索取号:K207.8/168] 在馆    
4 1378759   213787598   第二借阅区/ [索取号:K207.8/168] 在馆    
唐山师范学院图书馆 欢迎您!
大连网信软件有限公司© 版权所有